| 000 | 00824cam a22002412 4500 | ||
|---|---|---|---|
| 001 | 0000018608 | ||
| 005 | 20151217155857.0 | ||
| 008 | 100222s xx 000 0 eng d | ||
| 020 | _a3540325743 : | ||
| 040 |
_aKABU _cKABU |
||
| 100 | 1 |
_aAwange, Joseph L. _@0000177931 |
|
| 245 | 1 | 0 |
_aLake Victoria : _becology, resources, environment / _cJoseph L. Awange, Obiero Ong'ang'a. |
| 250 | _a1st ed. | ||
| 260 |
_aNew York : _bSpringer, _c2006. |
||
| 300 | _axvii, 354 p. | ||
| 610 | 2 | 0 |
_aVictoria, Lake _xEconomic conditions. _@0000177932 |
| 610 | 2 | 0 |
_aVictoria, Lake _xEnvironmental conditions. _@0000177932 |
| 650 | 0 |
_aLake ecology _zVictoria, Lake. _@0000177933 |
|
| 700 | 1 |
_aOng'ang'a, Obiero. _@0000177934 |
|
| 852 | 1 | _9p1000 KES | |
| 908 | _a100222 | ||
| 950 | _@1 | ||
| 999 |
_c13652 _d13652 |
||